| 000 | 01058nam0a22002531 4500 | ||
|---|---|---|---|
| 001 | rc\243155 | ||
| 005 | 20250621011416.0 | ||
| 035 | _a(NLR Aleph) 005494534 | ||
| 090 |
_a5242617 _c5242617 |
||
| 100 | _a20030307d1990 |||y0rusy50 ca | ||
| 101 | 0 | _arus | |
| 102 | _aRU | ||
| 105 | _aa ||||||||| | ||
| 200 | 1 |
_aВзаимодействие излучения, плазменных и электронных потоков с веществом _eЧетвертая всесоюз. конф., Фрунзе, 4-7 сент. 1990 г. _eТез. докл. _f[Редкол.: Дыхне Д [!А.] М. (пред.) и др.] |
|
| 210 |
_a[М.] _cИАЭ _d1990 |
||
| 215 |
_a164 с. _cил. _d22 |
||
| 300 | _aВ надзаг.: Фил. Ин-та атом. энергии им. И.В. Курчатова, Кирг. гос. ун-т им. 50-летия СССР | ||
| 320 | _aБиблиогр. в конце докл. | ||
| 702 | 1 |
_aДыхне _bА.М. _4340 |
|
| 801 | 0 |
_aRU _bNLR _gpsbo |
|
| 801 | 1 |
_aRU _bELAR _2rusmarc |
|
| 852 |
_aNLR _j90-5/3895 |
||
| 942 | _cBOOK | ||
| 980 | _aNB | ||